Faithful in adversity : the Royal Army Medical Corps in the Second World War /

Bibliographic Details
Main Author: Broom, John (Author)
Format: Book
Language:English
Published: Barnsley, South Yorkshire, UK : Pen & Sword Military, 2019.
Subjects:

MARC

Tag First Indicator Second Indicator Subfields
LEADER 00000cam a2200000 i 4500
001 in00004132995
005 20200420142326.0
008 190718s2019 enkaf b 001 0 eng d
020 |a 9781526749550  |q hardcover 
020 |a 1526749556  |q hardcover 
035 |a (OCoLC)on1110450759 
040 |a YDX  |e rda  |c YDX  |d COO  |d BWK  |d TXA  |d UtOrBLW 
043 |a e-uk--- 
049 |a TXAM 
082 0 |a 940.547541  |2 23 
090 |a D807.G7  |b B76 2019 
100 1 |a Broom, John,  |e author.  |0 http://id.loc.gov/authorities/names/no2016000815 
245 1 0 |a Faithful in adversity :  |b the Royal Army Medical Corps in the Second World War /  |c John Broom. 
264 1 |a Barnsley, South Yorkshire, UK :  |b Pen & Sword Military,  |c 2019. 
300 |a xi, 339 pages, 16 unnumbered pages of plates :  |b illustrations ;  |c 24 cm. 
336 |a text  |b txt  |2 rdacontent 
336 |a still image  |b sti  |2 rdacontent 
337 |a unmediated  |b n  |2 rdamedia 
338 |a volume  |b nc  |2 rdacarrier 
504 |a Includes bibliographical references and index. 
610 1 0 |a Great Britain.  |b Army.  |b Royal Army Medical Corps.  |0 http://id.loc.gov/authorities/names/n83019979 
650 0 |a World War, 1939-1945  |x Medical care  |z Great Britain. 
945 |a PromptCat 
948 |a cataloged  |b h  |c 2020/1/30  |d c  |e dmitchel  |f 8:20:10 am 
994 |a C0  |b TXA 
999 f f |s b514b712-bc78-3b8c-b5d9-281fb7cdfce5  |i dd627aa4-d80e-3be4-b953-802a8f5b649c  |t 0 
952 f f |p normal  |a Texas A&M University  |b College Station  |c Sterling C. Evans Library  |d Evans: Library Stacks  |t 0  |e D807.G7 B76 2019  |h Library of Congress classification  |i unmediated -- volume  |m A14850765968 
998 f f |a D807.G7 B76 2019  |t 0  |l Evans: Library Stacks